<?xml version="1.0" encoding="UTF-8"?>
<record
    xmlns:xsi="http://www.w3.org/2001/XMLSchema-instance"
    xsi:schemaLocation="http://www.loc.gov/MARC21/slim http://www.loc.gov/standards/marcxml/schema/MARC21slim.xsd"
    xmlns="http://www.loc.gov/MARC21/slim">

  <leader>00567nam a22001697a 4500</leader>
  <controlfield tag="003">SGT</controlfield>
  <datafield tag="020" ind1=" " ind2=" ">
    <subfield code="a">9789332518742</subfield>
  </datafield>
  <datafield tag="082" ind1=" " ind2=" ">
    <subfield code="a">004.6,TAN</subfield>
  </datafield>
  <datafield tag="100" ind1=" " ind2=" ">
    <subfield code="a">TANENBAUM S. ANDREW </subfield>
  </datafield>
  <datafield tag="245" ind1=" " ind2=" ">
    <subfield code="a">COMPUTER NETWORKS </subfield>
  </datafield>
  <datafield tag="250" ind1=" " ind2=" ">
    <subfield code="a">5TH </subfield>
  </datafield>
  <datafield tag="260" ind1=" " ind2=" ">
    <subfield code="a">NEW DELHI </subfield>
    <subfield code="b">KIRTI PRAAKASHAN</subfield>
    <subfield code="c">2015</subfield>
  </datafield>
  <datafield tag="300" ind1=" " ind2=" ">
    <subfield code="a">804</subfield>
  </datafield>
  <datafield tag="650" ind1=" " ind2=" ">
    <subfield code="a">COMPUTER SCIENCE </subfield>
  </datafield>
  <datafield tag="653" ind1=" " ind2=" ">
    <subfield code="a">INTRODUCTION, THE PHYSICAL LAYER, THE DATA LINK LAYER, THE MEDIUM ACCESS CONTROL SUBLAYER , THE NETWORK LAYER, THE TRANSPORT LAYER, THE APPLICATION LAYER, NETWORK SECURITY, READING LIST AND BIBLIOGRAPHY</subfield>
  </datafield>
  <datafield tag="942" ind1=" " ind2=" ">
    <subfield code="2">ddc</subfield>
    <subfield code="c">FCM</subfield>
  </datafield>
  <datafield tag="952" ind1=" " ind2=" ">
    <subfield code="0">0</subfield>
    <subfield code="1">0</subfield>
    <subfield code="2">ddc</subfield>
    <subfield code="4">0</subfield>
    <subfield code="7">0</subfield>
    <subfield code="a">SSSL</subfield>
    <subfield code="b">SSSL</subfield>
    <subfield code="c">TXT</subfield>
    <subfield code="d">2016-05-31</subfield>
    <subfield code="e">KIRTI PRAKASHAN </subfield>
    <subfield code="g">659.00</subfield>
    <subfield code="i">SGTU</subfield>
    <subfield code="l">6</subfield>
    <subfield code="o">004.6,TAN</subfield>
    <subfield code="p">CM1642</subfield>
    <subfield code="r">2017-12-06 00:00:00</subfield>
    <subfield code="s">2017-11-21</subfield>
    <subfield code="w">2016-04-08</subfield>
    <subfield code="y">FCM</subfield>
    <subfield code="k">4000</subfield>
  </datafield>
  <datafield tag="952" ind1=" " ind2=" ">
    <subfield code="0">0</subfield>
    <subfield code="1">0</subfield>
    <subfield code="2">ddc</subfield>
    <subfield code="4">0</subfield>
    <subfield code="7">0</subfield>
    <subfield code="a">SSSL</subfield>
    <subfield code="b">SSSL</subfield>
    <subfield code="c">TXT</subfield>
    <subfield code="d">2016-05-31</subfield>
    <subfield code="e">KIRTI PRAKASHAN </subfield>
    <subfield code="g">659.00</subfield>
    <subfield code="i">SGTU</subfield>
    <subfield code="l">1</subfield>
    <subfield code="o">004.6,TAN</subfield>
    <subfield code="p">CM1643</subfield>
    <subfield code="r">2025-12-08 00:00:00</subfield>
    <subfield code="s">2025-11-24</subfield>
    <subfield code="w">2016-04-08</subfield>
    <subfield code="y">FCM</subfield>
    <subfield code="k">4000</subfield>
  </datafield>
  <datafield tag="952" ind1=" " ind2=" ">
    <subfield code="0">0</subfield>
    <subfield code="1">0</subfield>
    <subfield code="2">ddc</subfield>
    <subfield code="4">0</subfield>
    <subfield code="7">1</subfield>
    <subfield code="a">SSSL</subfield>
    <subfield code="b">SSSL</subfield>
    <subfield code="c">REF</subfield>
    <subfield code="d">2016-05-31</subfield>
    <subfield code="e">KIRTI PRAKASHAN </subfield>
    <subfield code="g">659.00</subfield>
    <subfield code="i">SGTU</subfield>
    <subfield code="o">004.6,TAN</subfield>
    <subfield code="p">CM1644</subfield>
    <subfield code="r">2016-05-31 00:00:00</subfield>
    <subfield code="w">2016-04-08</subfield>
    <subfield code="y">FCM</subfield>
    <subfield code="k">4000</subfield>
  </datafield>
  <datafield tag="999" ind1=" " ind2=" ">
    <subfield code="c">8844</subfield>
    <subfield code="d">8844</subfield>
  </datafield>
</record>
